| 000 | 01851 a2200241 4500 | ||
|---|---|---|---|
| 003 | Nust | ||
| 005 | 20230327121057.0 | ||
| 010 | _a 81008276 | ||
| 020 | _a0070079773 | ||
| 040 | _cNust | ||
| 082 | 0 | 0 | _a658.4,BRO |
| 100 | 1 |
_aBronson, Richard. _936440 |
|
| 245 | 1 | 0 |
_aSchaum's outline of theory and problems of operations research / _cRichard Bronson and Govindasami Naadimuthu. |
| 250 | _a2nd Edition | ||
| 260 |
_aNew York : _bMcGraw-Hill, _cc1982. |
||
| 300 |
_a328 p. : _bill. ; _c28 cm. |
||
| 490 | 0 | _aSchaum's outline series | |
| 505 | _aMathematical Programming (Page-1), Linear Programming Basic Concepts (Page-18), Linear Programming (Page-32), Linear Programming Duality and Sanity (Page-56), Linear Programming Extension (Page-87), Integer Programming Branch and Bound Algorithms (Page-124), Integer Programming Cut Algorithms (Page-133), Integer Programming the Transportation Algorithms (Page-140), Integer Programming Scheduling Models (Page-155), Nonlinear Programming Single Variables Optimizations (Page-169), Nonlinear Programming Single Multi-variable's Optimizations without Constants (Page-182), Nonlinear Programming Single Multivariable’s Optimizations with Constructions (Page-198), Network Analysis (Page-216), Project Planning Using Pert/CPM (Page-231), Inventory Models (Page-259), Forecasting (Page-281), Game Theory (Page-312), Decision Theory (Page-325), Dynamic Programming (Page-342), Finite Markov Chains (Page-369), Markova Birth Death Processes (Page-379), Queuing Systems (Page-391), M/M/I Systems (Page-398), Other Systems with Poisson Type Input and Exponential Type Times (Page-407). | ||
| 600 |
_aGovindasami Naadimuthu. _9107775 |
||
| 650 | 0 |
_aOperations research _xOutlines, syllabi, etc. _9107776 |
|
| 650 | 0 |
_aOperations research _xProblems, exercises, etc. _936438 |
|
| 942 |
_2ddc _cBK _k658.4,BRO |
||
| 999 |
_c184958 _d184958 |
||